MARC

LEADER 00000nam0a2200000 4500
001 310562
005 20231102002311.0
035 |a (RuTPU)RU\TPU\book\335912 
035 |a RU\TPU\book\302584 
090 |a 310562 
100 |a 20151126d1982 m y0rusy50 ca 
101 0 |a rus 
102 |a RU 
105 |a y z 001zy 
200 1 |a Художественное творчество: вопросы комплексного изучения/1982  |f Академия наук СССР (АН СССР) ; под ред. Б. С. Мейлаха 
210 |a Ленинград  |c Наука  |d 1982 
215 |a 286 с.  |c ил. 
320 |a Библиография в ссылках. 
606 1 |a Культура  |x Философские проблемы  |2 stltpush  |3 (RuTPU)RU\TPU\subj\16748  |9 42682 
606 1 |a Художественное творчество  |2 stltpush  |3 (RuTPU)RU\TPU\subj\64402  |9 81300 
610 1 |a комплексный подход 
610 1 |a наука 
610 1 |a искусство 
610 1 |a системность 
610 1 |a взаимосвязи 
610 1 |a эстетические взгляды 
610 1 |a художественное восприятие 
610 1 |a творческий процесс 
610 1 |a психологические аспекты 
675 |a 7.072  |v 3 
686 |a Ч11  |v LBC/SL-A  |2 rubbk 
702 1 |a Мейлах  |b Б. С.  |4 340 
712 0 2 |a Академия наук СССР (АН СССР)  |c (Ленинград/Москва)  |c (1925-1991)  |2 stltpush  |3 (RuTPU)RU\TPU\col\722 
801 1 |a RU  |b 63413507  |c 20141218 
801 2 |a RU  |b 63413507  |c 20190925  |g RCR 
942 |c BK